000 00452nam a2200181Ia 4500
003 GCL
008 140319s9999 xx 000 0 eng d
040 _aGCL /
_cGCL
082 0 4 _a843
_bM P
100 1 _aMAUPASSANT, GUY
245 1 0 _aLA PARURE /
_cMAUPASSANT, GUY
260 _a[S.N] :
_bLE LIVRE DE POCHE ،
_c1995
300 _a91 P
490 _aLE LIVRE DE POCHE
_v0
650 0 4 _aLITERATURE
650 0 4 _aFRENCH LITERATURE
942 _2ddc
_cBK
999 _c23050
_d23050